<?xml version="1.0" encoding="UTF-8"?>
<collection xmlns="http://www.loc.gov/MARC21/slim">
 <record>
  <leader>01724nam a2200205Ia 4500</leader>
  <controlfield tag="001">TDMU_37763</controlfield>
  <controlfield tag="008">210410s9999    xx            000 0 und d</controlfield>
  <datafield tag="082" ind1=" " ind2=" ">
   <subfield code="a">371.1</subfield>
  </datafield>
  <datafield tag="090" ind1=" " ind2=" ">
   <subfield code="b">NG527</subfield>
  </datafield>
  <datafield tag="100" ind1=" " ind2=" ">
   <subfield code="a">Nguyễn, Viết An</subfield>
  </datafield>
  <datafield tag="245" ind1=" " ind2="0">
   <subfield code="a">Nhu cầu dịch vụ công tác xã hội về giáo dục mầm non cho con công nhân (nghiên cứu trường hợp tại công ty TNHH may thêu Winning, tình Bình Dương)</subfield>
  </datafield>
  <datafield tag="245" ind1=" " ind2="0">
   <subfield code="c">Nguyễn Viết An; TS. Lê Thị Hoàng Liễu</subfield>
  </datafield>
  <datafield tag="260" ind1=" " ind2=" ">
   <subfield code="a">Bình Dương</subfield>
  </datafield>
  <datafield tag="260" ind1=" " ind2=" ">
   <subfield code="c">2019</subfield>
  </datafield>
  <datafield tag="300" ind1=" " ind2=" ">
   <subfield code="a">80tr</subfield>
  </datafield>
  <datafield tag="520" ind1=" " ind2=" ">
   <subfield code="a">Chuyên ngành: Công tác xã hội; Mã số: 8760101; Ý kiến về việc sao chép tài liệu: Đồng ý 100%; Ý kiến về việc sao chép file: Đồng ý; Thư mục tài liệu tham khảo tr.68-71; Luận văn thạc sĩ. Trường Đại học Thủ Dầu Một; Luận văn gồm 3 chương: Chương 1. Tổng quan tình hình nghiên cứu và cơ sở lý luận. Chương 2. Thực trạng nhu cầu công tác xã hội về giáo dục mầm non cho con công nhân tại công ty TNHH may thêu Winning, tỉnh Bình Dương. Chương 3. Đề xuát ứng dụng mô hình công tác xã hội trong khu công nghiệp chế xuất, công ty xí nghiệp.</subfield>
  </datafield>
  <datafield tag="650" ind1=" " ind2=" ">
   <subfield code="a">Công tác xã hội</subfield>
   <subfield code="x">Dịch vụ</subfield>
   <subfield code="x">Giáo dục mầm non; Công nhân</subfield>
   <subfield code="x">Nhu cầu</subfield>
   <subfield code="x">Dịch vụ xã hội</subfield>
  </datafield>
  <datafield tag="700" ind1=" " ind2=" ">
   <subfield code="a">Lê, Thị Hoàng Liễu</subfield>
  </datafield>
  <datafield tag="856" ind1=" " ind2=" ">
   <subfield code="u">http://lrc.tdmu.edu.vn/opac/search/detail.asp?aID=2&amp;ID=37763</subfield>
  </datafield>
  <datafield tag="980" ind1=" " ind2=" ">
   <subfield code="a">Trung tâm Học liệu Trường Đại học Thủ Dầu Một</subfield>
  </datafield>
 </record>
</collection>
